[Event "World ol U16"]
[Site "Corum"]
[Date "2019.11.03"]
[Round "6.17"]
[White "Mirlan Uulu, Syimyk"]
[Black "Mammadov, Sadig"]
[Result "0-1"]
[WhiteElo "1899"]
[BlackElo "2216"]
[PlyCount "72"]
[EventDate "2019.10.29"]
[EventType "team-swiss"]
[EventRounds "9"]
[EventCountry "TUR"]
[SourceTitle "CBM 192 Extra"]
[Source "Chessbase"]
[SourceDate "2019.11.06"]
[SourceVersion "1"]
[SourceVersionDate "2019.11.06"]
[SourceQuality "1"]
[WhiteTeam "Kyrgyzstan"]
[BlackTeam "Azerbaijan Nakhchivan"]
[WhiteTeamCountry "KGZ"]
[BlackTeamCountry "AZE"]

1. e4 e6 2. d4 d5 3. exd5 exd5 4. Bd3 c5 5. Nf3 Nf6 6. c3 Be7 7. 0-0 0-0 8. Bf4 Nc6 9. h3 Qb6 10. dxc5 Qxb2 11. Qd2 Qxd2 12. Nbxd2 Bxc5 13. Nb3 Bb6 14. Ne5 Be6 15. Nxc6 bxc6 16. Rac1 Rfe8 17. c4 dxc4 18. Bxc4 Bd5 19. Ba6 Re4 20. Bg5 Rae8 21. Bb7 R4e6 22. Bxf6 Rxf6 23. Nc5 Rg6 24. g3 Re2 25. Rfd1 h5 26. h4 Rf6 27. Rxd5 cxd5 28. Nd7 Rfxf2 29. Nxb6 axb6 30. Bxd5 Rf6 31. Rc8+ Kh7 32. a4 g6 33. Rc4 Rd6 34. Kf1 Rb2 35. Bf3 Rf6 36. Rc3 Ra2 0-1

[Event "KGZ Olimp U16 qual"]
[Site "Bishkek"]
[Date "2019.09.08"]
[Round "6"]
[White "Akbarkanov, Nurbai"]
[Black "Mirlan Uulu, Syimyk"]
[Result "0-1"]
[WhiteElo "1768"]
[BlackElo "1821"]
[PlyCount "58"]
[EventDate "2019.09.05"]
[EventType "swiss"]
[EventRounds "9"]
[EventCountry "KGZ"]
[SourceTitle "CBM 195 Extra"]
[Source "ChessBase"]
[SourceDate "2020.05.31"]
[SourceVersion "1"]
[SourceVersionDate "2020.05.31"]
[SourceQuality "1"]

1. d4 e6 2. c4 d5 3. Nf3 Nf6 4. Nc3 Be7 5. e3 0-0 6. Bd3 dxc4 7. Bxc4 c5 8. 0-0 Nbd7 9. Qe2 a6 10. a4 Qc7 11. Bd2 Nb6 12. Ba2 Bd7 13. Rfc1 Nxa4 14. Nxa4 Bxa4 15. dxc5 Bc6 16. Nd4 Ne4 17. Nxc6 Qxc6 18. Be1 Bf6 19. Rab1 Be5 20. Rc4 Rac8 21. Bb3 Nxc5 22. Bc2 b5 23. Rh4 g6 24. Bb4 Rfd8 25. Qg4 Nd3 26. Bxd3 Rxd3 27. f4 Bf6 28. Rh3 Qe4 29. Bc3 Rcxc3 0-1

[Event "KGZ-ch"]
[Site "Bishkek"]
[Date "2019.04.21"]
[Round "9"]
[White "Abdyjapar, Asyl"]
[Black "Mirlan Uulu, Syimyk"]
[Result "1-0"]
[WhiteElo "2396"]
[BlackElo "1838"]
[PlyCount "93"]
[EventDate "2019.04.13"]
[EventType "swiss"]
[EventRounds "9"]
[EventCountry "KGZ"]
[SourceTitle "CBM 190 Extra"]
[Source "ChessBase"]
[SourceDate "2019.07.15"]
[SourceVersion "1"]
[SourceVersionDate "2019.07.15"]
[SourceQuality "1"]

1. d4 d5 2. c4 e6 3. Nf3 Nf6 4. Nc3 Nbd7 5. Bg5 c6 6. e3 Be7 7. Qc2 0-0 8. a3 b6 9. Rd1 Bb7 10. Bd3 dxc4 11. Bxc4 Nd5 12. h4 h6 13. Bd3 f5 14. Bf4 Nxf4 15. exf4 Bd6 16. Bc4 Qe7 17. Kf1 Bxf4 18. Re1 Rf6 19. g4 fxg4 20. Ne4 Nf8 21. Nxf6+ Qxf6 22. Ne5 g3 23. Nd7 Qxd4 24. Rd1 Qxf2+ 25. Qxf2 gxf2 26. Kxf2 Kh8 27. Rhe1 c5 28. Ne5 g5 29. h5 Kg7 30. Ng4 b5 31. Bxe6 Bc6 32. Bd5 Bxd5 33. Rxd5 Rc8 34. Re7+ Kh8 35. Nxh6 Nh7 36. Ng4 Rf8 37. Kg2 Kg8 38. Rdd7 Nf6 39. Nxf6+ Rxf6 40. Re8+ Rf8 41. Rxf8+ Kxf8 42. Rxa7 Bc1 43. b3 c4 44. bxc4 bxc4 45. a4 c3 46. Rc7 Bd2 47. Kf3 1-0

[Event "KGZ-ch"]
[Site "Bishkek"]
[Date "2019.04.19"]
[Round "7"]
[White "Esenbek Uulu, Ilimbek"]
[Black "Mirlan Uulu, Syimyk"]
[Result "1-0"]
[WhiteElo "2174"]
[BlackElo "1838"]
[PlyCount "61"]
[EventDate "2019.04.13"]
[EventType "swiss"]
[EventRounds "9"]
[EventCountry "KGZ"]
[SourceTitle "CBM 190 Extra"]
[Source "ChessBase"]
[SourceDate "2019.07.15"]
[SourceVersion "1"]
[SourceVersionDate "2019.07.15"]
[SourceQuality "1"]

1. d4 d5 2. c4 e6 3. Nc3 Nf6 4. Bg5 Nbd7 5. e3 c6 6. Nf3 Be7 7. Bd3 0-0 8. 0-0 b6 9. cxd5 Nxd5 10. Bxe7 Qxe7 11. Rc1 Bb7 12. Nxd5 exd5 13. Qa4 c5 14. Bf5 Nf6 15. dxc5 bxc5 16. Qa3 g6 17. Bd3 Rfc8 18. Ba6 Rab8 19. Rfd1 Ne4 20. Rc2 Qe6 21. Bxb7 Rxb7 22. h3 Rcb8 23. b3 Re7 24. Qc1 h5 25. Ne1 Rc8 26. Nd3 g5 27. Nxc5 Rec7 28. Nxe6 Rxc2 29. Qa1 Nc3 30. Nd4 Rxa2 31. Qc1 1-0

[Event "KGZ-ch"]
[Site "Bishkek"]
[Date "2019.04.13"]
[Round "1"]
[White "Mirlan Uulu, Syimyk"]
[Black "Alisherov, Alikhan"]
[Result "1/2-1/2"]
[WhiteElo "1838"]
[BlackElo "1455"]
[PlyCount "41"]
[EventDate "2019.04.13"]
[EventType "swiss"]
[EventRounds "9"]
[EventCountry "KGZ"]
[SourceTitle "CBM 190 Extra"]
[Source "ChessBase"]
[SourceDate "2019.07.15"]
[SourceVersion "1"]
[SourceVersionDate "2019.07.15"]
[SourceQuality "1"]

1. e4 c5 2. Nf3 e6 3. d4 cxd4 4. Nxd4 Nf6 5. Nc3 d6 6. Be3 Be7 7. Bc4 a6 8. a4 e5 9. Nf5 Bxf5 10. exf5 Qc8 11. Bd5 Nc6 12. g4 Nb4 13. 0-0 Nfxd5 14. Nxd5 Nxd5 15. Qxd5 Qc6 16. c4 Rc8 17. Qd2 Qf3 18. Qd1 Qxd1 19. Rfxd1 Rxc4 20. h3 Kd7 21. Rd5 1/2-1/2

[Event "KGZ-ch U20"]
[Site "Bishkek"]
[Date "2019.03.25"]
[Round "7"]
[White "Mirlan Uulu, Syimyk"]
[Black "Atakanov, Adil"]
[Result "1/2-1/2"]
[WhiteElo "1773"]
[BlackElo "1884"]
[PlyCount "87"]
[EventDate "2019.03.19"]
[EventType "swiss"]
[EventRounds "9"]
[EventCountry "KGZ"]
[SourceTitle "CBM 190 Extra"]
[Source "ChessBase"]
[SourceDate "2019.07.15"]
[SourceVersion "1"]
[SourceVersionDate "2019.07.15"]
[SourceQuality "1"]

1. e4 c5 2. Nf3 e6 3. d4 cxd4 4. Nxd4 Nf6 5. Nc3 Nc6 6. Be2 Bb4 7. Nxc6 bxc6 8. 0-0 d5 9. exd5 cxd5 10. Qd4 Be7 11. Bf4 0-0 12. Nb5 Ba6 13. a4 Ne4 14. b4 Bf6 15. Be5 Bxe5 16. Qxe5 Rc8 17. Bd3 Bxb5 18. axb5 Nd2 19. Rfd1 Nc4 20. Qd4 Qb6 21. Qxb6 axb6 22. Ra6 g6 23. g3 Kg7 24. Kg2 Rc7 25. Rda1 Rfc8 26. Bxc4 Rxc4 27. Rxb6 R8c7 28. Rc6 R7xc6 29. bxc6 Rxb4 30. Ra8 Rc4 31. Rc8 Rxc2 32. Kf3 Kf6 33. Ke3 h5 34. h4 Kf5 35. f3 Rc4 36. Rc7 f6 37. Rc8 e5 38. c7 e4 39. Rd8 Rc3+ 40. Kd2 Rxc7 41. Rxd5+ Ke6 42. fxe4 f5 43. Ke3 Rc4 44. Rd4 1/2-1/2

[Event "KGZ-ch U20"]
[Site "Bishkek"]
[Date "2019.03.21"]
[Round "3"]
[White "Mirlan Uulu, Syimyk"]
[Black "Sezdbekov, Ruslan"]
[Result "0-1"]
[WhiteElo "1773"]
[BlackElo "2187"]
[PlyCount "112"]
[EventDate "2019.03.19"]
[EventType "swiss"]
[EventRounds "9"]
[EventCountry "KGZ"]
[SourceTitle "CBM 190 Extra"]
[Source "ChessBase"]
[SourceDate "2019.07.15"]
[SourceVersion "1"]
[SourceVersionDate "2019.07.15"]
[SourceQuality "1"]

1. e4 e5 2. Nf3 Nc6 3. Bc4 Nf6 4. Ng5 d5 5. exd5 Na5 6. Bb5+ c6 7. dxc6 bxc6 8. Be2 h6 9. Nf3 e4 10. Ne5 Bd6 11. f4 Qc7 12. d4 exd3 13. Qxd3 0-0 14. Bd2 Nb7 15. 0-0 Nc5 16. Qf3 Nce4 17. Bd3 Bxe5 18. fxe5 Qxe5 19. Bxe4 Nxe4 20. Bc3 Qc5+ 21. Kh1 Ba6 22. Qxe4 Bxf1 23. Nd2 Bb5 24. Bb4 Qf2 25. Bxf8 Rxf8 26. Qe1 Qf6 27. c4 Ba6 28. b3 c5 29. Ne4 Qe5 30. Nc3 Qg5 31. Rd1 Bb7 32. Qd2 Qg4 33. Nd5 Re8 34. Re1 Rxe1+ 35. Qxe1 Bxd5 36. cxd5 Qd4 37. h3 Qxd5 38. Qe8+ Kh7 39. Qe7 a6 40. Qe2 Qd6 41. Qe4+ g6 42. Qc4 Kg7 43. Qc3+ Qd4 44. Qxd4+ cxd4 45. Kg1 Kf6 46. Kf2 Ke5 47. Ke2 a5 48. a3 Kd5 49. Kd3 f5 50. h4 f4 51. Ke2 g5 52. hxg5 hxg5 53. Kd2 g4 54. Ke2 g3 55. Ke1 d3 56. b4 axb4 0-1

[Event "KGZ-ch FL"]
[Site "Bishkek"]
[Date "2019.03.10"]
[Round "9"]
[White "Zhusupov, Mairambek"]
[Black "Mirlan Uulu, Syimyk"]
[Result "1/2-1/2"]
[WhiteElo "1766"]
[BlackElo "1773"]
[PlyCount "62"]
[EventDate "2019.03.03"]
[EventType "swiss"]
[EventRounds "9"]
[EventCountry "KGZ"]
[SourceTitle "EXT 2021"]
[Source "ChessBase"]
[SourceDate "2020.10.23"]
[SourceVersion "1"]
[SourceVersionDate "2020.10.23"]
[SourceQuality "1"]

1. d4 e6 2. c4 d5 3. e3 Nf6 4. a3 Nbd7 5. Nf3 c5 6. cxd5 exd5 7. Nc3 Be7 8. dxc5 Nxc5 9. Bb5+ Bd7 10. 0-0 0-0 11. Bxd7 Qxd7 12. b4 Nce4 13. Ne2 a5 14. bxa5 Rxa5 15. Bb2 Rfa8 16. Ng3 Bxa3 17. Bxf6 Nxf6 18. Nd4 Bd6 19. Rxa5 Rxa5 20. Qb3 Ne4 21. Nxe4 dxe4 22. Rb1 h6 23. g3 Bc5 24. Qxb7 Qxb7 25. Rxb7 Bxd4 26. exd4 Rd5 27. Rb4 f5 28. f3 exf3 29. Kf2 Kf7 30. Kxf3 Ke6 31. Ke3 g5 1/2-1/2

[Event "KGZ-ch FL"]
[Site "Bishkek"]
[Date "2019.03.09"]
[Round "7"]
[White "Pahomeev, Oleg"]
[Black "Mirlan Uulu, Syimyk"]
[Result "0-1"]
[WhiteElo "1852"]
[BlackElo "1773"]
[PlyCount "58"]
[EventDate "2019.03.03"]
[EventType "swiss"]
[EventRounds "9"]
[EventCountry "KGZ"]
[SourceTitle "EXT 2021"]
[Source "ChessBase"]
[SourceDate "2020.10.23"]
[SourceVersion "1"]
[SourceVersionDate "2020.10.23"]
[SourceQuality "1"]

1. e4 e6 2. d4 d5 3. Nc3 Bb4 4. e5 c5 5. a3 Bxc3+ 6. bxc3 Qc7 7. Nf3 Nc6 8. Bd3 cxd4 9. cxd4 Nxd4 10. Nxd4 Qc3+ 11. Qd2 Qxa1 12. f4 Bd7 13. Nb3 Qa2 14. 0-0 Rc8 15. Qb4 Rxc2 16. Bxc2 Qxc2 17. Qxb7 Nh6 18. Qb8+ Qc8 19. Qxa7 0-0 20. Nc5 Bb5 21. Rf2 Qc6 22. Rb2 Rc8 23. Be3 Nf5 24. Bf2 d4 25. g4 Ne3 26. Bxe3 dxe3 27. a4 e2 28. Kf2 Qh1 29. Qa5 Qf1+ 0-1

[Event "KGZ-ch FL"]
[Site "Bishkek"]
[Date "2019.03.04"]
[Round "2"]
[White "Mirlan Uulu, Syimyk"]
[Black "Alisherov, Alikhan"]
[Result "1-0"]
[WhiteElo "1773"]
[BlackElo "1394"]
[PlyCount "67"]
[EventDate "2019.03.03"]
[EventType "swiss"]
[EventRounds "9"]
[EventCountry "KGZ"]
[SourceTitle "EXT 2021"]
[Source "ChessBase"]
[SourceDate "2020.10.23"]
[SourceVersion "1"]
[SourceVersionDate "2020.10.23"]
[SourceQuality "1"]

1. e4 c6 2. d4 d5 3. Nc3 dxe4 4. Nxe4 Bf5 5. Ng3 Bg6 6. h4 h6 7. Nf3 Nf6 8. Bd3 Bxd3 9. Qxd3 e6 10. Bf4 Nbd7 11. 0-0-0 Be7 12. c4 Qa5 13. Kb1 Ng4 14. Qc2 0-0 15. c5 Ndf6 16. Ne5 Nd5 17. Bd2 Qc7 18. Nxg4 Nf4 19. Qe4 Ng6 20. h5 Nh4 21. Rxh4 Bxh4 22. Nxh6+ gxh6 23. Bxh6 f5 24. Qxh4 Qd8 25. Bg5 Qd7 26. h6 Rf7 27. Nh5 Kh8 28. Bf6+ Kh7 29. Bg7 Qc7 30. Nf6+ Rxf6 31. Qxf6 Re8 32. Bf8 Qd7 33. Qg7+ Qxg7 34. hxg7 1-0

[Event "Bishkek Smart Cup 4th"]
[Site "Bishkek"]
[Date "2019.??.??"]
[Round "3"]
[White "Asanakunov, Zhumagazy"]
[Black "Mirlan Uulu, Syimyk"]
[Result "1-0"]
[WhiteElo "2046"]
[BlackElo "1668"]
[PlyCount "87"]
[EventDate "2019.02.01"]
[EventType "swiss"]
[EventRounds "9"]
[EventCountry "KGZ"]
[SourceTitle "EXT 2021"]
[Source "ChessBase"]
[SourceDate "2020.10.23"]
[SourceVersion "1"]
[SourceVersionDate "2020.10.23"]
[SourceQuality "1"]

1. d4 e6 2. c4 d5 3. Nc3 Nf6 4. Bg5 Nbd7 5. e3 c6 6. Nf3 Qa5 7. Bxf6 Nxf6 8. Nd2 Be7 9. a3 0-0 10. Rc1 Bd7 11. c5 b5 12. f4 Be8 13. Bd3 Nd7 14. 0-0 f5 15. g4 g6 16. Ra1 Qc7 17. g5 a5 18. Na2 Kg7 19. Rf3 Rh8 20. Rh3 h5 21. gxh6+ Rxh6 22. Rxh6 Kxh6 23. Nf3 Bf7 24. a4 b4 25. Qe2 Rh8 26. Kh1 Nf6 27. Ne5 Kg7 28. Rg1 Nd7 29. Nf3 Nf6 30. Nc1 Ng4 31. Nb3 g5 32. fxg5 Bh5 33. h3 Nh2 34. Nbd2 Nxf3 35. Nxf3 Bg4 36. Rxg4 fxg4 37. Ne5 Rxh3+ 38. Kg2 Rh4 39. Bc2 Qc8 40. Qf2 Qg8 41. Qxh4 Kf8 42. Ng6+ Ke8 43. Nxe7 Kxe7 44. g6+ 1-0

[Event "Bishkek Smart Cup 4th"]
[Site "Bishkek"]
[Date "2019.??.??"]
[Round "8"]
[White "Mirlan Uulu, Syimyk"]
[Black "Chubakov, Sultan"]
[Result "1-0"]
[WhiteElo "1668"]
[BlackElo "1684"]
[PlyCount "96"]
[EventDate "2019.02.01"]
[EventType "swiss"]
[EventRounds "9"]
[EventCountry "KGZ"]
[SourceTitle "EXT 2021"]
[Source "ChessBase"]
[SourceDate "2020.10.23"]
[SourceVersion "1"]
[SourceVersionDate "2020.10.23"]
[SourceQuality "1"]

1. e4 c5 2. Nf3 e6 3. d4 cxd4 4. Nxd4 Nf6 5. f3 Nc6 6. c3 Be7 7. Be3 d5 8. Bb5 Qc7 9. exd5 Nxd5 10. Bf2 0-0 11. 0-0 Bd6 12. h3 a6 13. Bxc6 bxc6 14. c4 Nf6 15. Nc3 Rd8 16. Qc2 c5 17. Nde2 Bb7 18. Rfd1 Bc6 19. a3 Qb7 20. Ng3 Rab8 21. Rab1 a5 22. Nge4 Qe7 23. Kh1 Ne8 24. Rxd6 Nxd6 25. Bxc5 Qc7 26. Bxd6 Rxd6 27. Nxd6 Qxd6 28. Ne4 Qe7 29. c5 a4 30. b4 axb3 31. Rxb3 Ra8 32. Qb2 Qc7 33. Nd6 Ba4 34. Rb7 Qd8 35. Rxf7 Qg5 36. Rb7 h6 37. Ne4 Qg6 38. Qe5 Bc6 39. Rb8+ Rxb8 40. Qxb8+ Kh7 41. Qe5 Qf5 42. Qxf5+ exf5 43. Nc3 Kg6 44. Kg1 f4 45. Kf1 Bb7 46. Ne4 Bc6 47. g4 fxg3 48. Nxg3 Kf6 1-0